Поверхностная выпарка (выпарка-сушка); Известия Томского Технологического Института [Известия ТТИ]; Т. 43

Podrobná bibliografie
Parent link:Известия Томского Технологического Института [Известия ТТИ]/ Томский технологический институт (ТТИ).— , 1903-1925
Т. 43.— 1923
Hlavní autor: Силин П. М. Павел Михайлович
Shrnutí:Заглавие с титульного листа
Электронная версия печатной публикации
Jazyk:ruština
Vydáno: 1923
Témata:
On-line přístup:Черно-белая версия для предварительного просмотра
Цветная версия без потери качества
Médium: MixedMaterials Elektronický zdroj Kapitola
KOHA link:https://koha.lib.tpu.ru/cgi-bin/koha/opac-detail.pl?biblionumber=181319

MARC

LEADER 00000nla2a2200000 4500
001 181319
005 20231031171040.0
035 |a (RuTPU)RU\TPU\book\196554 
035 |a RU\TPU\book\196553 
090 |a 181319 
100 |a 20100604d1923 k y0rusy50 ca 
101 0 |a rus 
102 |a RU 
135 |a drnn ---uucaa 
181 0 |a i  
182 0 |a b 
200 1 |a Поверхностная выпарка (выпарка-сушка)  |b Электронный ресурс  |f П. М. Силин 
203 |a Текст  |c электронный 
215 |a 2 файла (1.1 Мб, 7 Мб) 
230 |a Электронные текстовые данные (2 файла : 1.1 Мб, 7 Мб) 
300 |a Заглавие с титульного листа 
300 |a Электронная версия печатной публикации 
337 |a Adobe Reader 
461 1 |0 (RuTPU)RU\TPU\book\165999  |t Известия Томского Технологического Института [Известия ТТИ]  |f Томский технологический институт (ТТИ)  |d 1903-1925 
463 1 |0 (RuTPU)RU\TPU\book\196551  |t Т. 43  |d 1923  |p 118 с. 
610 1 |a электронный ресурс 
610 1 |a труды учёных ТПУ 
700 1 |a Силин  |b П. М.  |c специалист в области сахарного производства, Герой Социалистического Труда  |c выпускник Томского технологического института, профессор Томского государственного университета, заведующий кафедрой технологии сахаристых веществ Московского технологического института пищевой промышленности  |f 1887-1967  |g Павел Михайлович  |2 stltpush  |3 (RuTPU)RU\TPU\pers\7982 
801 1 |a RU  |b 63413507  |c 20090320  |g PSBO 
801 2 |a RU  |b 63413507  |c 20161206  |g PSBO 
856 4 |u http://www.lib.tpu.ru/fulltext/v/Bulletin_TPU/1923/v43/a03_bw.pdf  |z Черно-белая версия для предварительного просмотра 
856 4 |u http://www.lib.tpu.ru/fulltext/v/Bulletin_TPU/1923/v43/a03_full.pdf  |z Цветная версия без потери качества 
942 |c CF